000 00813nam0a2200277 4500
001 RU\NLR\BIBL_A\022100160
005 20250625121347.0
010 _91000
035 _a(NLR Aleph) 022100160
090 _a13318990
_c13318990
100 _a20231220d1980 |||y0rusy50 ca
101 0 _adar
102 _aRU
105 _ay z 000 y
181 0 _ai
_baxxe
182 0 _an
200 1 _aХатIа
_eповесть
_fЗияудин Алхасов
203 _aТекст
_bвизуальный
_cнепосредственный
210 _aМахачкала
_cДаг. кн. изд-во
_d1980
215 _a103,[1] с.
_cил.
_d16
541 1 _aОшибка
_eповесть
_zrus
700 1 _aАлхасов
_bЗ.
_gЗияудин
_4070
852 _aNLR
_bОНЛ
942 _cBOOK
980 _aNB